000
00312nam a22001457a 4500
003
SGT
082
_a
616.8, K10P
100
_a
PILGRIM, DAVID
245
_a
KEY CONCEPTS IN MENTAL HEALTH
250
_a
2ND
260
_a
LOS ANGELES
_b
SAGE
_c
2010
300
_a
204
650
_a
PSYCHIATRY
942
_2
ddc
_c
BK
_0
1
999
_c
8334
_d
8334